| 000 -LEADER |
| fixed length control field |
00654nam a22002057a 4500 |
| 005 - DATE AND TIME OF LATEST TRANSACTION |
| control field |
20140320121615.0 |
| 008 - FIXED-LENGTH DATA ELEMENTS--GENERAL INFORMATION |
| fixed length control field |
000323s2000 nyua 001 0 eng |
| 020 ## - INTERNATIONAL STANDARD BOOK NUMBER |
| International Standard Book Number |
9780764112690 |
| 080 ## - UNIVERSAL DECIMAL CLASSIFICATION NUMBER |
| Universal Decimal Classification number |
808.1 |
| 100 1# - Rafti |
| Rafti |
Geffner, Andrea B. |
| 245 10 - TITLE STATEMENT |
| Title |
How to write better business letters / |
| Statement of responsibility, etc |
Andrea B. Geffner. |
| 250 ## - |
| -- |
3rd ed. |
| 260 ## - |
| -- |
Hauppauge, N.Y. : |
| -- |
Barron's, |
| -- |
c2000. |
| 300 ## - |
| -- |
VII, 152 f. : |
| -- |
me il. ; |
| -- |
28 cm. |
| 500 ## - |
| -- |
"Excerpted in part from Business English ... by Andrea B. Geffner"--Verso t.p. |
| 500 ## - |
| -- |
Includes index. |
| 650 #0 - |
| -- |
Commercial correspondence. |
| 650 #0 - |
| -- |
Korrespodenca afariste |
| 942 ## - ADDED ENTRY ELEMENTS (KOHA) |
| Source of classification or shelving scheme |
|
| Item type |
Books |